000 00682nam a22002057a 4500
999 _c179897
_d179897
005 20210715144617.0
010 _aENG-129558
020 _a978-93-88-30-539-6
_c350.00
035 _aEN-113090
037 _bDBAD/PUB
082 _a333.7
100 _aC. Manoharachary
245 _aPrinciples of Environmental Studies/
_cby C. Manoharachary, P. Jayrama Reddy, M. A. Singara Charya
250 _a2nd
260 _aSultan Bazar
_bBS Publishers
_c2019
270 _a4-4-309/316,Giriraj Lane,Sultan Bazar
_bHyderabad
_e500095
_minfo@bsbbooks.net
_k040-23445688
300 _a399p
_c24cm(PB)
700 _aC. Maoharachary and other
942 _2ddc
_cEN
_h333.7
_mMAN